[Event "World Chess Olympiad 2018"]
[Site "Batumi"]
[Date "2018.10.05"]
[Round "11"]
[Board "1"]
[WhiteFideId "11503017"]
[White "Miqdad Fadi"]
[BlackFideId "1622218"]
[Black "Kamara Ansumana"]
[Result "1/2-1/2"]
[LiveChessVersion "1.4.8"]
[BlackElo "1910"]
[WhiteElo "1964"]

1. d4 {[%clk 1:30:45]} Nf6 {[%clk 1:30:49]} 2. Bf4 {[%clk 1:30:50]} g6
{[%clk 1:30:50]} 3. Nf3 {[%clk 1:29:58]} Bg7 {[%clk 1:31:04]} 4. Nc3
{[%clk 1:29:12]} d6 {[%clk 1:30:41]} 5. e4 {[%clk 1:28:13]} O-O {[%clk 1:29:33]}
6. Qd2 {[%clk 1:27:38]} Nbd7 {[%clk 1:28:26]} 7. Be2 {[%clk 1:24:37]} c5
{[%clk 1:28:04]} 8. d5 {[%clk 1:24:43]} Qa5 {[%clk 1:26:23]} 9. O-O
{[%clk 1:17:27]} a6 {[%clk 1:26:28]} 10. e5 {[%clk 1:14:33]} dxe5
{[%clk 1:21:56]} 11. Nxe5 {[%clk 1:11:56]} Nxe5 {[%clk 1:22:05]} 12. Bxe5
{[%clk 1:12:09]} b5 {[%clk 1:22:06]} 13. d6 {[%clk 1:02:46]} exd6
{[%clk 1:18:28]} 14. Qxd6 {[%clk 1:01:47]} Be6 {[%clk 1:18:12]} 15. Qxc5
{[%clk 0:58:59]} Nd7 {[%clk 1:18:02]} 16. Bc7 {[%clk 0:57:33]} Nxc5
{[%clk 1:13:09]} 17. Bxa5 {[%clk 0:57:46]} Nb7 {[%clk 1:11:46]} 18. Bb4
{[%clk 0:56:30]} Rfe8 {[%clk 1:11:05]} 19. Bf3 Rab8 {[%clk 1:10:43]} 20. Bxb7
{[%clk 0:49:16]} Rxb7 {[%clk 1:10:42]} 21. a3 {[%clk 0:40:56]} Ra8
{[%clk 1:09:06]} 22. Rfd1 {[%clk 0:36:38]} h5 {[%clk 1:08:51]} 23. Bc5
{[%clk 0:35:44]} Bf5 {[%clk 1:06:44]} 24. Rd2 {[%clk 0:29:52]} a5
{[%clk 1:06:28]} 25. Bd4 {[%clk 0:24:08]} Rd8 {[%clk 1:05:18]} 26. Rad1
{[%clk 0:21:17]} Rxd4 {[%clk 1:04:59]} 27. Rxd4 {[%clk 0:21:40]} Bxd4
{[%clk 1:05:21]} 28. Rxd4 {[%clk 0:22:06]} Bxc2 {[%clk 1:05:40]} 29. b4
{[%clk 0:19:35]} axb4 {[%clk 1:02:47]} 30. Rxb4 {[%clk 0:18:46]} Bd3
{[%clk 1:02:06]} 31. h3 {[%clk 0:18:25]} Ra7 {[%clk 1:01:25]} 32. Nxb5
{[%clk 0:18:51]} Bxb5 33. Rxb5 {[%clk 0:18:59]} Rxa3 {[%clk 1:01:24]} 34. g3
{[%clk 0:18:59]} Kg7 {[%clk 1:01:34]} 35. Kg2 {[%clk 0:19:20]} Rd3
{[%clk 1:00:11]} 36. Rb6 {[%clk 0:19:32]} Ra3 {[%clk 1:00:26]} 37. Rb7
{[%clk 0:17:50]} g5 {[%clk 0:58:43]} 38. Rb4 {[%clk 0:17:50]} f6 {[%clk 0:58:40]}
39. h4 {[%clk 0:16:47]} g4 {[%clk 0:57:00]} 40. Rb5 {[%clk 0:46:53]} Kg6
{[%clk 1:26:28]} 41. Rb8 {[%clk 0:46:41]} Rf3 {[%clk 1:24:58]} 42. Rc8
{[%clk 0:46:30]} f5 {[%clk 1:24:37]} 43. Rc6+ {[%clk 0:46:27]} Kg7
{[%clk 1:24:25]} 44. Rc5 {[%clk 0:46:34]} Kg6 {[%clk 1:24:38]} 45. Rc4
{[%clk 0:46:04]} f4 {[%clk 1:22:46]} 46. Rc6+ {[%clk 0:35:13]} Kf5
{[%clk 1:22:10]} 47. Rh6 {[%clk 0:29:07]} fxg3 {[%clk 1:22:10]} 48. fxg3
{[%clk 0:28:21]} Rb3 {[%clk 1:22:16]} 49. Rxh5+ {[%clk 0:28:34]} Ke4
{[%clk 1:22:29]} 50. Ra5 {[%clk 0:26:46]} Rb2+ {[%clk 1:22:21]} 51. Kg1
{[%clk 0:26:32]} Rb3 {[%clk 1:22:20]} 52. Kg2 {[%clk 0:26:54]} Rb2+
{[%clk 1:22:16]} 53. Kg1 {[%clk 0:26:50]} 1/2-1/2

[Event "World Chess Olympiad 2018"]
[Site "Batumi"]
[Date "2018.10.05"]
[Round "11"]
[Board "2"]
[WhiteFideId "17800048"]
[White "Winston Gerald Mansfield Thomas"]
[BlackFideId "11502398"]
[Black "Wazwaz Amjad"]
[Result "0-1"]
[LiveChessVersion "1.4.8"]
[BlackElo "1986"]
[WhiteElo "1844"]

1. d4 Nf6 {[%clk 1:30:55]} 2. Nf3 {[%clk 1:31:14]} g6 {[%clk 1:31:19]} 3. e3
{[%clk 1:31:05]} Bg7 {[%clk 1:31:45]} 4. c4 {[%clk 1:31:17]} O-O {[%clk 1:32:11]}
5. Nc3 {[%clk 1:31:18]} d6 {[%clk 1:32:34]} 6. b3 {[%clk 1:31:30]} Nc6
{[%clk 1:32:39]} 7. Bb2 {[%clk 1:31:43]} e5 {[%clk 1:31:33]} 8. d5
{[%clk 1:30:04]} Ne7 {[%clk 1:31:48]} 9. Be2 {[%clk 1:30:09]} Nd7
{[%clk 1:31:45]} 10. Qd2 {[%clk 1:28:58]} f5 {[%clk 1:31:00]} 11. O-O-O
{[%clk 1:28:42]} Nf6 {[%clk 1:29:25]} 12. Rhf1 {[%clk 1:26:55]} Bd7
{[%clk 1:29:22]} 13. Qc2 {[%clk 1:26:58]} a5 {[%clk 1:29:15]} 14. a4
{[%clk 1:26:52]} Qb8 {[%clk 1:25:39]} 15. h3 {[%clk 1:23:54]} c6 {[%clk 1:23:08]}
16. Kb1 {[%clk 1:20:49]} cxd5 {[%clk 1:23:26]} 17. Nxd5 {[%clk 1:20:08]} Nexd5
{[%clk 1:23:29]} 18. cxd5 {[%clk 1:20:04]} Rc8 {[%clk 1:23:47]} 19. Bc4
{[%clk 1:18:16]} Ne4 {[%clk 1:18:49]} 20. Nd2 {[%clk 1:16:39]} Nc5
{[%clk 1:18:54]} 21. Ka2 b5 22. axb5 {[%clk 1:14:50]} Bxb5 {[%clk 1:18:40]} 23.
Bxb5 {[%clk 1:14:41]} Na6 {[%clk 1:16:55]} 24. Qb1 {[%clk 1:13:12]} Nb4+
{[%clk 1:16:45]} 25. Ka1 {[%clk 1:12:11]} Qxb5 {[%clk 1:16:56]} 26. Rc1
{[%clk 1:08:24]} Rxc1 {[%clk 1:17:03]} 27. Qxc1 {[%clk 1:08:28]} a4
{[%clk 1:17:25]} 28. Qc4 {[%clk 1:08:06]} axb3+ {[%clk 1:17:09]} 29. Kb1
{[%clk 1:08:22]} Qa5 {[%clk 1:11:10]} 30. Qxb3 {[%clk 1:03:44]} Rb8
{[%clk 1:10:58]} 31. Nc4 {[%clk 0:53:43]} Qc5 {[%clk 1:08:03]} 32. Rc1
{[%clk 0:43:27]} Na6 {[%clk 1:03:31]} 33. Qa2 {[%clk 0:42:48]} Qb5
{[%clk 0:55:40]} 34. Qa5 {[%clk 0:32:42]} Qb7 {[%clk 0:55:54]} 35. Rc2
{[%clk 0:27:04]} e4 {[%clk 0:52:28]} 36. Kc1 {[%clk 0:24:35]} Nc5
{[%clk 0:52:43]} 37. Kd1 {[%clk 0:22:35]} Qxd5+ {[%clk 0:51:42]} 38. Qd2
{[%clk 0:18:59]} Nd3 {[%clk 0:51:51]} 39. Ke2 {[%clk 0:14:37]} Bxb2
{[%clk 0:44:37]} 40. Nxb2 {[%clk 0:13:14]} Rb3 {[%clk 0:43:41]} 41. Rc8+
{[%clk 0:31:41]} Kg7 {[%clk 1:11:59]} 42. Nxd3 {[%clk 0:26:08]} exd3+
{[%clk 1:11:40]} 43. Kf1 {[%clk 0:24:43]} Rb1+ {[%clk 1:10:35]} 44. Rc1
{[%clk 0:25:03]} Qa2 {[%clk 1:09:02]} 45. Qc3+ {[%clk 0:23:34]} Kh6
{[%clk 1:09:27]} 46. Rxb1 {[%clk 0:18:15]} Qxb1+ {[%clk 1:09:47]} 47. Qe1
{[%clk 0:18:16]} Qc2 {[%clk 1:08:48]} 48. f4 {[%clk 0:18:15]} Kg7
{[%clk 1:08:31]} 49. Qa1+ {[%clk 0:18:16]} Kf7 {[%clk 1:08:03]} 50. Qa7+ Ke6 51.
Qxh7 {[%clk 0:13:44]} Qe2+ {[%clk 1:08:14]} 52. Kg1 {[%clk 0:14:10]} Qxe3+
{[%clk 1:08:38]} 53. Kh1 {[%clk 0:14:38]} Qc1+ {[%clk 1:08:40]} 54. Kh2 Qxf4+
{[%clk 1:08:57]} 55. Kh1 {[%clk 0:14:36]} d2 {[%clk 1:07:51]} 56. Qxg6+
{[%clk 0:13:17]} 0-1

[Event "World Chess Olympiad 2018"]
[Site "Batumi"]
[Date "2018.10.05"]
[Round "11"]
[Board "3"]
[WhiteFideId "11501731"]
[White "Allam Mohamed"]
[BlackFideId "10001034"]
[Black "Lwebuga Ronald"]
[Result "1/2-1/2"]
[LiveChessVersion "1.4.8"]
[BlackElo "1819"]
[WhiteElo "1948"]

1. Nf3 {[%clk 1:30:49]} g6 {[%clk 1:30:44]} 2. e4 {[%clk 1:30:50]} d6
{[%clk 1:30:58]} 3. d4 {[%clk 1:30:53]} Bg7 {[%clk 1:31:07]} 4. c4
{[%clk 1:29:46]} c6 {[%clk 1:30:19]} 5. Nc3 {[%clk 1:27:45]} Nd7 {[%clk 1:30:35]}
6. Be3 {[%clk 1:26:30]} Qa5 {[%clk 1:30:02]} 7. Qd2 {[%clk 1:25:29]} Ngf6
{[%clk 1:27:49]} 8. h3 {[%clk 1:24:02]} h6 {[%clk 1:25:26]} 9. Bd3
{[%clk 1:23:12]} e6 {[%clk 1:24:46]} 10. a3 {[%clk 1:20:32]} a6 {[%clk 1:20:44]}
11. b4 {[%clk 1:17:06]} Qc7 {[%clk 1:21:03]} 12. O-O {[%clk 1:17:17]} b6
{[%clk 1:20:35]} 13. Rfe1 {[%clk 1:16:29]} Bb7 {[%clk 1:16:23]} 14. d5
{[%clk 1:14:46]} cxd5 {[%clk 1:15:26]} 15. cxd5 {[%clk 1:12:05]} e5
{[%clk 1:14:31]} 16. Rac1 {[%clk 1:12:24]} Qd8 {[%clk 1:14:31]} 17. Rc2
{[%clk 1:10:50]} Rc8 {[%clk 1:14:39]} 18. Qe2 {[%clk 1:10:36]} Nb8
{[%clk 1:13:52]} 19. Qd2 {[%clk 1:10:19]} Nbd7 {[%clk 1:13:52]} 20. Rec1
{[%clk 1:10:39]} h5 {[%clk 1:13:57]} 21. b5 {[%clk 1:07:42]} a5 {[%clk 1:13:54]}
22. Na4 {[%clk 1:07:23]} Rxc2 {[%clk 1:07:50]} 23. Rxc2 {[%clk 1:07:08]} Nc5
{[%clk 1:07:56]} 24. Nxc5 {[%clk 1:06:45]} dxc5 {[%clk 1:08:15]} 25. Nxe5
{[%clk 1:02:57]} Nxe4 {[%clk 1:07:06]} 26. Nxf7 {[%clk 1:03:22]} Nxd2
{[%clk 1:06:34]} 27. Nxd8 {[%clk 1:03:48]} Nf3+ {[%clk 1:06:45]} 28. gxf3
{[%clk 1:03:59]} Kxd8 {[%clk 1:07:10]} 29. Bxg6 {[%clk 1:01:50]} Bf6
{[%clk 1:05:05]} 30. Kf1 {[%clk 1:00:28]} Bc8 {[%clk 1:04:45]} 31. h4
{[%clk 0:52:44]} Bxh4 {[%clk 1:05:12]} 1/2-1/2

[Event "World Chess Olympiad 2018"]
[Site "Batumi"]
[Date "2018.10.05"]
[Round "11"]
[Board "1"]
[WhiteFideId "32500084"]
[White "Deng Cypriano Rehan"]
[BlackFideId "6200176"]
[Black "Teerapabpaisit Wisuwat"]
[Result "1-0"]
[LiveChessVersion "1.4.8"]
[BlackElo "2154"]
[WhiteElo "2095"]

1. e4 {[%clk 1:30:53]} c5 {[%clk 1:30:57]} 2. Nc3 {[%clk 1:31:08]} e6
{[%clk 1:31:24]} 3. Nf3 {[%clk 1:31:23]} a6 {[%clk 1:31:38]} 4. d4
{[%clk 1:31:35]} cxd4 {[%clk 1:32:06]} 5. Nxd4 {[%clk 1:31:56]} b5
{[%clk 1:32:33]} 6. a3 {[%clk 1:32:05]} Bb7 {[%clk 1:33:00]} 7. g3
{[%clk 1:31:41]} d6 {[%clk 1:24:52]} 8. Bg2 {[%clk 1:31:53]} Nd7 {[%clk 1:25:02]}
9. O-O {[%clk 1:32:04]} Rc8 {[%clk 1:24:19]} 10. Re1 {[%clk 1:31:25]} Be7
{[%clk 1:21:26]} 11. a4 {[%clk 1:31:05]} b4 {[%clk 1:20:47]} 12. Na2
{[%clk 1:31:08]} a5 {[%clk 1:13:27]} 13. c3 {[%clk 1:26:43]} bxc3
{[%clk 1:12:21]} 14. Nxc3 {[%clk 1:27:11]} Nc5 {[%clk 1:12:30]} 15. Ndb5
{[%clk 1:25:23]} Nf6 {[%clk 1:09:15]} 16. Bf4 {[%clk 1:24:38]} e5
{[%clk 1:08:17]} 17. Bg5 {[%clk 1:24:40]} Qd7 {[%clk 1:06:33]} 18. Bxf6
{[%clk 1:23:15]} gxf6 {[%clk 1:06:42]} 19. Qh5 {[%clk 1:22:59]} Rb8
{[%clk 1:02:13]} 20. Bh3 {[%clk 1:22:32]} Qd8 {[%clk 1:02:20]} 21. Rad1
{[%clk 1:22:01]} h6 {[%clk 1:01:41]} 22. Rd2 {[%clk 1:19:59]} Qb6
{[%clk 1:00:27]} 23. Red1 {[%clk 1:18:09]} Rd8 {[%clk 1:00:45]} 24. Bf5
{[%clk 1:18:16]} Kf8 25. Qe2 {[%clk 1:13:55]} h5 {[%clk 0:55:48]} 26. h4
{[%clk 1:13:26]} Ne6 {[%clk 0:53:29]} 27. Kh2 {[%clk 1:07:34]} Ng7
{[%clk 0:52:55]} 28. Bh3 {[%clk 1:07:16]} Rh6 {[%clk 0:49:14]} 29. Nd5
{[%clk 1:02:20]} Bxd5 {[%clk 0:46:34]} 30. exd5 {[%clk 1:02:36]} f5
{[%clk 0:45:20]} 31. Rc2 {[%clk 1:02:28]} f4 {[%clk 0:41:50]} 32. Rc6
{[%clk 1:02:34]} fxg3+ {[%clk 0:39:55]} 33. fxg3 {[%clk 1:02:46]} Qb8
{[%clk 0:40:02]} 34. Rf1 {[%clk 1:02:25]} Kg8 {[%clk 0:38:51]} 35. Qd2
{[%clk 1:01:39]} Rg6 {[%clk 0:38:37]} 36. Qxa5 {[%clk 1:01:37]} e4
{[%clk 0:30:41]} 37. Qc7 {[%clk 0:58:33]} Qxc7 {[%clk 0:30:56]} 38. Rxc7
{[%clk 0:58:33]} Bf6 {[%clk 0:31:11]} 39. Nc3 {[%clk 0:57:23]} Rb8
{[%clk 0:26:45]} 40. Rc8+ {[%clk 1:26:48]} Rxc8 {[%clk 0:57:06]} 41. Bxc8
{[%clk 1:27:07]} e3 {[%clk 0:55:51]} 42. a5 {[%clk 1:24:49]} Be5 {[%clk 0:55:56]}
43. Ne2 {[%clk 1:24:24]} Ne8 {[%clk 0:51:50]} 44. b4 {[%clk 1:24:18]} Nc7
{[%clk 0:51:35]} 45. Bb7 {[%clk 1:23:44]} Rg4 {[%clk 0:49:41]} 46. Rb1
{[%clk 1:20:33]} Nb5 {[%clk 0:45:06]} 47. a6 {[%clk 1:19:13]} Nd4
{[%clk 0:31:27]} 48. Bc8 {[%clk 1:18:02]} Re4 {[%clk 0:12:48]} 49. a7
{[%clk 1:17:25]} Nxe2 {[%clk 0:13:10]} 50. a8=Q {[%clk 1:17:29]} Kg7
{[%clk 0:13:27]} 51. Ba6 {[%clk 1:10:58]} Nxg3 {[%clk 0:12:41]} 52. Rg1
{[%clk 1:11:02]} Rxh4+ {[%clk 0:09:37]} 53. Kg2 {[%clk 1:10:49]} Rxb4
{[%clk 0:09:16]} 54. Kh3 {[%clk 1:09:55]} h4 {[%clk 0:08:31]} 55. Qd8
{[%clk 1:09:48]} Ra4 {[%clk 0:04:11]} 56. Qg5+ {[%clk 1:09:24]} 1-0

[Event "World Chess Olympiad 2018"]
[Site "Batumi"]
[Date "2018.10.05"]
[Round "11"]
[Board "2"]
[WhiteFideId "6201610"]
[White "Kulpruethanon Thanadon"]
[BlackFideId "32500122"]
[Black "Deng Khor Kuol Michael"]
[Result "0-1"]
[LiveChessVersion "1.4.8"]
[BlackElo "2000"]
[WhiteElo "2291"]

1. Nf3 {[%clk 1:30:57]} Nf6 {[%clk 1:30:40]} 2. g3 {[%clk 1:31:21]} b6
{[%clk 1:30:52]} 3. Bg2 {[%clk 1:31:45]} Bb7 {[%clk 1:31:02]} 4. O-O
{[%clk 1:32:06]} g6 {[%clk 1:30:52]} 5. b3 {[%clk 1:32:18]} Bg7 {[%clk 1:31:01]}
6. Bb2 {[%clk 1:32:40]} O-O {[%clk 1:31:06]} 7. c4 {[%clk 1:33:02]} c5
{[%clk 1:30:50]} 8. d4 {[%clk 1:33:22]} Ne4 {[%clk 1:30:10]} 9. Nc3
{[%clk 1:26:46]} f5 {[%clk 1:29:05]} 10. Rc1 {[%clk 1:24:25]} Nc6
{[%clk 1:10:37]} 11. d5 {[%clk 1:20:47]} Ne5 {[%clk 1:08:07]} 12. Na4
{[%clk 1:07:39]} Nf7 {[%clk 0:59:30]} 13. Bxg7 {[%clk 1:04:00]} Kxg7
{[%clk 0:59:47]} 14. Nc3 {[%clk 1:02:43]} Nxc3 {[%clk 0:59:07]} 15. Rxc3
{[%clk 1:03:06]} e5 {[%clk 0:59:29]} 16. dxe6 {[%clk 0:52:55]} dxe6
{[%clk 0:59:04]} 17. Rd3 {[%clk 0:51:23]} Qf6 {[%clk 0:59:15]} 18. Rd7
{[%clk 0:48:51]} Rad8 {[%clk 0:58:37]} 19. Qd6 {[%clk 0:46:36]} Bc8
{[%clk 0:58:21]} 20. Rxf7+ {[%clk 0:27:26]} Rxf7 {[%clk 0:58:17]} 21. Qb8
{[%clk 0:25:47]} Ba6 {[%clk 0:54:45]} 22. Qf4 {[%clk 0:25:47]} Bb7
{[%clk 0:54:23]} 23. Ne5 {[%clk 0:18:14]} Rd4 {[%clk 0:47:43]} 24. e4
{[%clk 0:13:56]} g5 {[%clk 0:47:40]} 25. Qc1 {[%clk 0:12:15]} Qxe5
{[%clk 0:47:44]} 26. Qxg5+ {[%clk 0:12:35]} Kh8 {[%clk 0:47:44]} 27. Re1
{[%clk 0:12:07]} Qg7 {[%clk 0:47:35]} 0-1

[Event "World Chess Olympiad 2018"]
[Site "Batumi"]
[Date "2018.10.05"]
[Round "11"]
[Board "3"]
[WhiteFideId "32500149"]
[White "Deng Ateny Riak Joseph"]
[BlackFideId "6204422"]
[Black "Prasitsoonthorn Teerachoti"]
[Result "1-0"]
[LiveChessVersion "1.4.8"]
[BlackElo "1830"]
[WhiteElo "2014"]

1. e4 {[%clk 1:30:55]} c5 {[%clk 1:30:56]} 2. Nf3 {[%clk 1:31:22]} g6
{[%clk 1:30:53]} 3. d4 {[%clk 1:31:40]} cxd4 {[%clk 1:31:16]} 4. Nxd4
{[%clk 1:32:09]} Bg7 {[%clk 1:31:32]} 5. Nc3 {[%clk 1:32:25]} Nc6
{[%clk 1:31:52]} 6. Nb3 {[%clk 1:32:28]} Nf6 {[%clk 1:27:56]} 7. Be3
{[%clk 1:32:39]} d6 {[%clk 1:27:31]} 8. Be2 {[%clk 1:32:59]} Bd7 {[%clk 1:24:48]}
9. f3 {[%clk 1:33:00]} Rc8 {[%clk 1:23:24]} 10. Qd2 {[%clk 1:32:43]} O-O
{[%clk 1:16:29]} 11. Bh6 {[%clk 1:33:03]} Ne5 {[%clk 1:14:50]} 12. Bxg7
{[%clk 1:33:08]} Kxg7 {[%clk 1:15:19]} 13. h4 {[%clk 1:33:08]} h5
{[%clk 1:10:43]} 14. O-O-O {[%clk 1:33:12]} a5 {[%clk 1:02:22]} 15. Rdg1
{[%clk 1:31:37]} a4 {[%clk 1:00:19]} 16. Nd4 {[%clk 1:31:33]} Qa5
{[%clk 0:59:11]} 17. a3 {[%clk 1:31:04]} Nc4 {[%clk 0:48:18]} 18. Bxc4
{[%clk 1:29:41]} Rxc4 {[%clk 0:48:46]} 19. g4 {[%clk 1:25:32]} hxg4
{[%clk 0:42:58]} 20. h5 {[%clk 1:25:16]} Qc5 {[%clk 0:23:28]} 21. hxg6
{[%clk 1:21:11]} fxg6 {[%clk 0:23:57]} 22. Nde2 {[%clk 1:20:32]} Ng8
{[%clk 0:12:26]} 23. f4 {[%clk 1:15:54]} Nf6 {[%clk 0:08:36]} 24. f5
{[%clk 1:14:03]} gxf5 {[%clk 0:08:44]} 25. exf5 {[%clk 1:11:09]} Bxf5
{[%clk 0:07:22]} 26. Rf1 {[%clk 1:05:34]} Bg6 {[%clk 0:05:47]} 27. Nf4
{[%clk 1:02:48]} Kf7 {[%clk 0:02:31]} 28. Nxg6 {[%clk 0:58:33]} Kxg6
{[%clk 0:02:45]} 29. Nd5 {[%clk 0:56:56]} Kf7 {[%clk 0:00:35]} 30. Rh7+
{[%clk 0:56:38]} Kg8 {[%clk 0:00:33]} 31. Qg5+ {[%clk 0:56:51]} 1-0

[Event "World Chess Olympiad 2018"]
[Site "Batumi"]
[Date "2018.10.05"]
[Round "11"]
[Board "1"]
[WhiteFideId "22600078"]
[White "Barcon Harmon"]
[BlackFideId "9700072"]
[Black "Chinasamy Devarajen"]
[Result "0-1"]
[LiveChessVersion "1.4.8"]
[BlackElo "1993"]
[WhiteElo "1896"]

1. e4 {[%clk 1:30:57]} c5 {[%clk 1:30:54]} 2. Nf3 {[%clk 1:31:17]} g6
{[%clk 1:31:18]} 3. c3 {[%clk 1:31:17]} Bg7 {[%clk 1:31:25]} 4. d4
{[%clk 1:31:33]} cxd4 {[%clk 1:31:47]} 5. cxd4 {[%clk 1:31:48]} d5
{[%clk 1:31:49]} 6. e5 {[%clk 1:30:48]} Bg4 {[%clk 1:31:06]} 7. Be2
{[%clk 1:30:54]} Nc6 {[%clk 1:31:07]} 8. h3 {[%clk 1:31:12]} Bxf3
{[%clk 1:31:29]} 9. Bxf3 {[%clk 1:31:16]} e6 {[%clk 1:31:51]} 10. Nc3
{[%clk 1:31:38]} Nge7 {[%clk 1:31:54]} 11. Bg5 {[%clk 1:28:20]} h6
{[%clk 1:29:27]} 12. Bxe7 {[%clk 1:27:00]} Qxe7 {[%clk 1:29:12]} 13. Qd2
{[%clk 1:27:21]} h5 {[%clk 1:26:26]} 14. a3 {[%clk 1:26:28]} a6 {[%clk 1:23:39]}
15. O-O {[%clk 1:25:51]} O-O {[%clk 1:23:29]} 16. Rfe1 {[%clk 1:22:45]} Rac8
{[%clk 1:18:43]} 17. Be2 {[%clk 1:15:24]} Kh7 {[%clk 1:12:28]} 18. Rab1
{[%clk 1:12:25]} Bh6 {[%clk 1:08:45]} 19. Qd3 {[%clk 1:11:46]} Kh8
{[%clk 1:07:45]} 20. Na4 {[%clk 1:06:08]} b5 {[%clk 0:56:32]} 21. Nc3
{[%clk 1:03:15]} Qh4 {[%clk 0:50:31]} 22. Rbd1 {[%clk 1:00:25]} Na5
{[%clk 0:48:12]} 23. Bf1 {[%clk 0:55:25]} Nc4 {[%clk 0:46:25]} 24. Re2
{[%clk 0:52:53]} Rc7 {[%clk 0:45:27]} 25. b3 {[%clk 0:52:49]} Na5
{[%clk 0:42:13]} 26. Rb2 {[%clk 0:50:30]} Rfc8 {[%clk 0:40:35]} 27. Ne2
{[%clk 0:50:23]} Qe7 {[%clk 0:38:40]} 28. Ra2 {[%clk 0:50:03]} Nc6
{[%clk 0:36:09]} 29. f4 {[%clk 0:46:48]} Qf8 {[%clk 0:33:08]} 30. g4
{[%clk 0:44:52]} Qd8 {[%clk 0:31:04]} 31. g5 {[%clk 0:42:09]} Bf8
{[%clk 0:31:21]} 32. Qd2 {[%clk 0:41:34]} Ne7 {[%clk 0:30:02]} 33. a4
{[%clk 0:32:27]} Nf5 {[%clk 0:29:35]} 34. Qa5 {[%clk 0:30:00]} bxa4
{[%clk 0:21:57]} 35. Rxa4 {[%clk 0:26:51]} Rb8 {[%clk 0:16:44]} 36. Rd3
{[%clk 0:25:01]} Rc6 {[%clk 0:16:07]} 37. Ng3 {[%clk 0:20:19]} Qxa5
{[%clk 0:13:36]} 38. Rxa5 {[%clk 0:20:25]} Bb4 {[%clk 0:13:53]} 39. Ra4
{[%clk 0:20:22]} Nxg3 {[%clk 0:13:54]} 40. Rxg3 {[%clk 0:50:38]} a5
{[%clk 0:44:11]} 41. Kf2 {[%clk 0:44:18]} Rc2+ {[%clk 0:43:17]} 42. Be2
{[%clk 0:42:29]} Rbc8 {[%clk 0:42:26]} 43. Rd3 {[%clk 0:41:34]} R8c3
{[%clk 0:41:16]} 44. Ke3 {[%clk 0:38:05]} Rxd3+ {[%clk 0:38:49]} 45. Bxd3
{[%clk 0:38:24]} Rc3 {[%clk 0:38:03]} 46. Ra2 {[%clk 0:38:42]} Rxb3
{[%clk 0:37:54]} 47. Rc2 {[%clk 0:38:20]} a4 {[%clk 0:37:44]} 48. Ra2
{[%clk 0:35:26]} a3 {[%clk 0:37:29]} 49. Rc2 {[%clk 0:34:56]} Bc3
{[%clk 0:36:48]} 50. h4 {[%clk 0:34:46]} Bb2 {[%clk 0:36:52]} 51. Rc8+
{[%clk 0:33:22]} Kg7 {[%clk 0:37:15]} 52. Ra8 {[%clk 0:33:17]} Bc1+
{[%clk 0:36:23]} 53. Ke2 {[%clk 0:31:28]} Bxf4 {[%clk 0:36:03]} 54. Bc2
{[%clk 0:28:09]} Rc3 {[%clk 0:29:25]} 55. Bd3 {[%clk 0:28:35]} Bc1
{[%clk 0:28:48]} 56. Ra4 {[%clk 0:28:20]} Bb2 {[%clk 0:27:31]} 57. Ra7
{[%clk 0:25:50]} Rb3 {[%clk 0:25:48]} 58. Ra4 {[%clk 0:25:26]} Rb7
{[%clk 0:25:38]} 59. Kd2 {[%clk 0:23:48]} a2 {[%clk 0:24:37]} 60. Rxa2
{[%clk 0:23:28]} Bxd4 {[%clk 0:25:02]} 61. Ra4 {[%clk 0:23:10]} Bxe5
{[%clk 0:25:17]} 62. Ke3 {[%clk 0:23:11]} Bg3 {[%clk 0:24:38]} 63. Kf3
{[%clk 0:23:00]} Rb3 {[%clk 0:24:36]} 64. Ke2 {[%clk 0:18:49]} e5
{[%clk 0:23:55]} 65. Ra5 {[%clk 0:18:49]} e4 {[%clk 0:23:10]} 66. Bc2
{[%clk 0:18:48]} Rb2 {[%clk 0:21:28]} 67. Kd1 {[%clk 0:19:11]} e3
{[%clk 0:20:41]} 68. Rxd5 {[%clk 0:17:03]} e2+ {[%clk 0:20:53]} 69. Kxe2
{[%clk 0:17:26]} Rxc2+ {[%clk 0:21:20]} 70. Kf3 {[%clk 0:17:42]} Bxh4
{[%clk 0:21:38]} 71. Rb5 {[%clk 0:17:52]} 0-1

[Event "World Chess Olympiad 2018"]
[Site "Batumi"]
[Date "2018.10.05"]
[Round "11"]
[Board "2"]
[WhiteFideId "9700110"]
[White "Goorsahye Antoine"]
[BlackFideId "22600124"]
[Black "Jacob Jallah"]
[Result "0-1"]
[LiveChessVersion "1.4.8"]
[BlackElo "1835"]
[WhiteElo "1793"]

1. d4 {[%clk 1:30:48]} Nf6 {[%clk 1:30:48]} 2. c4 {[%clk 1:31:06]} g6
{[%clk 1:31:04]} 3. g3 {[%clk 1:31:07]} Bg7 {[%clk 1:31:27]} 4. Bg2
{[%clk 1:31:27]} c5 {[%clk 1:31:08]} 5. d5 {[%clk 1:30:24]} d6 {[%clk 1:31:19]}
6. Nc3 {[%clk 1:30:37]} Nbd7 {[%clk 1:31:02]} 7. Nf3 {[%clk 1:30:26]} O-O
{[%clk 1:30:48]} 8. O-O {[%clk 1:30:43]} Nb6 {[%clk 1:31:01]} 9. Nd2
{[%clk 1:29:48]} Ng4 {[%clk 1:30:43]} 10. e4 {[%clk 1:28:21]} Ne5
{[%clk 1:26:54]} 11. Qe2 {[%clk 1:27:36]} Bg4 {[%clk 1:26:35]} 12. f3
{[%clk 1:27:40]} Bc8 {[%clk 1:26:36]} 13. a4 {[%clk 1:27:12]} a5 {[%clk 1:23:46]}
14. h3 {[%clk 1:23:44]} Ned7 {[%clk 1:21:02]} 15. Nd1 {[%clk 1:19:50]} Qe8
{[%clk 1:18:27]} 16. Ra2 {[%clk 1:18:27]} Nf6 {[%clk 1:18:04]} 17. b3
{[%clk 1:18:39]} Nh5 {[%clk 1:18:16]} 18. Kh2 {[%clk 1:18:13]} e6
{[%clk 1:17:29]} 19. Bb2 {[%clk 1:16:15]} exd5 {[%clk 1:17:41]} 20. Bxg7
{[%clk 1:16:15]} Nxg7 {[%clk 1:17:31]} 21. cxd5 {[%clk 1:15:28]} Nxd5
{[%clk 1:17:15]} 22. Nc4 {[%clk 1:15:20]} Nb4 {[%clk 1:17:05]} 23. Rd2
{[%clk 1:11:34]} d5 {[%clk 1:12:12]} 24. Nb6 {[%clk 1:09:44]} Ra6
{[%clk 1:09:40]} 25. Nxc8 {[%clk 1:06:37]} Qxc8 {[%clk 1:10:00]} 26. exd5
{[%clk 1:06:53]} Rd6 {[%clk 1:09:35]} 27. Nc3 {[%clk 1:05:44]} Nf5
{[%clk 1:09:01]} 28. f4 {[%clk 1:03:53]} Re8 {[%clk 1:08:59]} 29. Qd1
{[%clk 1:02:38]} Ne3 {[%clk 1:08:18]} 30. Qf3 {[%clk 1:02:22]} Nxf1+
{[%clk 1:08:17]} 31. Bxf1 {[%clk 1:02:33]} Re1 {[%clk 1:06:54]} 32. Ne4
{[%clk 1:01:38]} Rb6 {[%clk 1:00:59]} 33. d6 {[%clk 1:00:58]} Qd8 34. d7 Rc1
{[%clk 0:42:22]} 35. Bc4 {[%clk 0:58:06]} Rc2 {[%clk 0:33:11]} 36. Rxc2
{[%clk 0:57:42]} Nxc2 {[%clk 0:33:33]} 37. Nxc5 {[%clk 0:57:22]} Nb4
{[%clk 0:19:18]} 38. Qe4 {[%clk 0:52:26]} Kf8 {[%clk 0:16:59]} 39. Qe5
{[%clk 0:50:56]} h5 {[%clk 0:06:38]} 40. Bb5 {[%clk 0:46:34]} Nc6
{[%clk 0:05:32]} 41. Qd5 {[%clk 1:08:08]} Ne7 {[%clk 0:00:00]} 42. Qe4
{[%clk 0:37:48]} Rxb5 {[%clk 0:29:37]} 43. axb5 {[%clk 0:37:58]} b6
{[%clk 0:29:59]} 44. Na4 {[%clk 0:34:01]} Qxd7 {[%clk 0:30:07]} 45. Nxb6
{[%clk 0:33:33]} Qxb5 {[%clk 0:29:47]} 46. Qa8+ {[%clk 0:33:08]} Kg7
{[%clk 0:30:02]} 47. Nc4 {[%clk 1:01:12]} Qxb3 {[%clk 0:30:24]} 48. Qe4
{[%clk 1:00:01]} Qa2+ {[%clk 0:30:08]} 49. Kg1 {[%clk 1:00:05]} Qa1+
{[%clk 0:29:35]} 50. Kf2 {[%clk 1:00:01]} Nf5 {[%clk 0:29:49]} 51. Qe5+
{[%clk 0:58:42]} Qxe5 {[%clk 0:28:49]} 52. Nxe5 {[%clk 0:58:06]} a4
{[%clk 0:29:10]} 53. Nc4 {[%clk 0:58:26]} Kf6 {[%clk 0:29:23]} 54. g4
{[%clk 0:58:31]} hxg4 {[%clk 0:29:36]} 55. hxg4 {[%clk 0:58:55]} Nd4
{[%clk 0:29:16]} 56. Ke3 {[%clk 0:58:13]} Nb5 {[%clk 0:29:14]} 57. Kd3
{[%clk 0:58:03]} Ke6 {[%clk 0:28:48]} 58. Kc2 {[%clk 0:57:59]} f6
{[%clk 0:28:37]} 59. Kb2 {[%clk 0:57:54]} a3+ {[%clk 0:27:34]} 60. Nxa3
{[%clk 0:57:53]} Nxa3 {[%clk 0:27:55]} 61. Kxa3 {[%clk 0:58:08]} Kd5
{[%clk 0:28:23]} 62. Kb3 {[%clk 0:57:48]} Ke4 {[%clk 0:28:46]} 63. g5
{[%clk 0:58:04]} f5 {[%clk 0:29:03]} 0-1